[Event "Wellington op"]
[Site "Wellington"]
[Date "2018.03.30"]
[Round "2"]
[White "Stracy, Don M"]
[Black "Lyall, Simon"]
[Result "1/2-1/2"]
[WhiteElo "1575"]
[BlackElo "1734"]
[PlyCount "81"]
[EventDate "2018.03.30"]
[EventType "swiss"]
[EventRounds "6"]
[EventCountry "NZL"]
[SourceTitle "EXT 2019"]
[Source "ChessBase"]
[SourceDate "2018.10.10"]
[SourceVersion "1"]
[SourceVersionDate "2018.10.10"]
[SourceQuality "1"]

1. e4 e5 2. Nf3 Nf6 3. d4 Nxe4 4. Bd3 d5 5. Nxe5 Nd7 6. Nxd7 Bxd7 7. 0-0 Qf6 8. c4 Qxd4 9. cxd5 0-0-0 10. Nc3 Nc5 11. Bc2 Qxd1 12. Rxd1 Bd6 13. Be3 Kb8 14. Bd4 f6 15. a3 b6 16. Re1 Rde8 17. b4 Na6 18. Ne4 Be5 19. Bxe5 Rxe5 20. Nc3 g6 21. Rxe5 fxe5 22. Re1 Re8 23. Ne4 Kc8 24. Nf6 Re7 25. f4 c5 26. Nxd7 Kxd7 27. fxe5 cxb4 28. Ba4+ Kd8 29. d6 Re6 30. axb4 Nxb4 31. Bb3 Nd3 32. Bxe6 Nxe1 33. Bc4 Kd7 34. Kf2 Nc2 35. Kf3 Nd4+ 36. Ke4 Ne6 37. Bb5+ Kd8 38. Kd5 Nf4+ 39. Kc6 Ne6 40. Kd5 Nf4+ 41. Kc6 1/2-1/2

[Event "Wellington Mazur Memorial"]
[Site "Wellington"]
[Date "2016.08.18"]
[Round "6"]
[White "Pomeroy, Arthur"]
[Black "Stracy, Don M"]
[Result "1-0"]
[WhiteElo "2133"]
[BlackElo "1742"]
[PlyCount "93"]
[EventDate "2016.07.21"]
[EventType "swiss"]
[EventRounds "8"]
[EventCountry "NZL"]
[SourceTitle "EXT 2018"]
[Source "ChessBase"]
[SourceDate "2017.10.13"]
[SourceVersion "1"]
[SourceVersionDate "2017.10.13"]
[SourceQuality "1"]

1. e4 c5 2. Nf3 e6 3. c3 Nf6 4. e5 Nd5 5. d4 cxd4 6. cxd4 Nc6 7. Bc4 Nb6 8. Bb3 d6 9. exd6 Bxd6 10. 0-0 0-0 11. Nc3 Bd7 12. Re1 Re8 13. Bg5 Be7 14. Bf4 Na5 15. Bc2 Bc6 16. Ne5 g6 17. Rc1 Nd5 18. Nxc6 bxc6 19. Nxd5 cxd5 20. Ba4 Nc4 21. Bxe8 Qxe8 22. b3 Nd6 23. Qd3 Rc8 24. Rxc8 Qxc8 25. Rc1 Qd7 26. f3 Kg7 27. Qd2 h5 28. Be5+ f6 29. Bg3 Bd8 30. Qc3 Bb6 31. Bxd6 Qxd6 32. g3 e5 33. Kg2 Bxd4 34. Qc7+ Qxc7 35. Rxc7+ Kf8 36. Rd7 Ke8 37. Rxd5 Ke7 38. Ra5 Ke6 39. Ra6+ Bb6 40. a4 Kf5 41. a5 Bd4 42. b4 e4 43. fxe4+ Kxe4 44. b5 Kd5 45. Rc6 g5 46. Rc8 h4 47. Rd8+ 1-0

[Event "Wellington op"]
[Site "Wellington"]
[Date "2016.03.26"]
[Round "4"]
[White "Goodhue, Nathan"]
[Black "Stracy, Don M"]
[Result "1-0"]
[WhiteElo "1993"]
[BlackElo "1663"]
[PlyCount "81"]
[EventDate "2016.03.25"]
[EventType "swiss"]
[EventRounds "6"]
[EventCountry "NZL"]
[SourceTitle "EXT 2018"]
[Source "ChessBase"]
[SourceDate "2017.10.13"]
[SourceVersion "1"]
[SourceVersionDate "2017.10.13"]
[SourceQuality "1"]

1. b3 e5 2. Bb2 d6 3. g3 Bd7 4. Bg2 Bc6 5. e4 Nf6 6. d3 Be7 7. c4 Nbd7 8. Ne2 0-0 9. 0-0 b5 10. f3 a5 11. Nbc3 b4 12. Nd5 Nxd5 13. exd5 Bb7 14. f4 Bf6 15. d4 exd4 16. Bxd4 Bxd4+ 17. Nxd4 Nc5 18. Qd2 Qf6 19. g4 Rae8 20. g5 Qd8 21. Rae1 Rxe1 22. Rxe1 Re8 23. Re3 Kf8 24. Qe2 Rxe3 25. Qxe3 g6 26. f5 gxf5 27. Nxf5 Qe8 28. Qxe8+ Kxe8 29. Nd4 Nd3 30. Be4 Ne5 31. Bxh7 c5 32. dxc6 Nxc6 33. Nxc6 Bxc6 34. Kf2 Ke7 35. Ke3 Ke6 36. Be4 Be8 37. Kf4 a4 38. h4 a3 39. h5 Ba4 40. Bc2 Be8 41. h6 1-0

[Event "Wellington op"]
[Site "Wellington"]
[Date "2016.03.26"]
[Round "2"]
[White "Steadman, Mathew"]
[Black "Stracy, Don M"]
[Result "0-1"]
[WhiteElo "1498"]
[BlackElo "1663"]
[PlyCount "38"]
[EventDate "2016.03.25"]
[EventType "swiss"]
[EventRounds "6"]
[EventCountry "NZL"]
[SourceTitle "EXT 2018"]
[Source "ChessBase"]
[SourceDate "2017.10.13"]
[SourceVersion "1"]
[SourceVersionDate "2017.10.13"]
[SourceQuality "1"]

1. f4 d5 2. g3 Nf6 3. Nf3 g6 4. Bg2 Bg7 5. 0-0 0-0 6. d3 c5 7. c3 Nc6 8. Qe1 Re8 9. e4 dxe4 10. dxe4 e5 11. Na3 exf4 12. gxf4 Nxe4 13. Qd1 Be6 14. Re1 Qxd1 15. Rxd1 Rad8 16. Be3 a6 17. Rxd8 Rxd8 18. Ne5 Bf5 19. Nxc6 bxc6 0-1

[Event "Wellington CC Summer Cup"]
[Site "Wellington"]
[Date "2016.02.25"]
[Round "6"]
[White "Rose, Nathan"]
[Black "Stracy, Don M"]
[Result "0-1"]
[WhiteElo "1407"]
[BlackElo "1756"]
[PlyCount "80"]
[EventDate "2016.01.21"]
[EventType "swiss"]
[EventRounds "8"]
[EventCountry "NZL"]
[SourceTitle "EXT 2018"]
[Source "ChessBase"]
[SourceDate "2017.10.13"]
[SourceVersion "1"]
[SourceVersionDate "2017.10.13"]
[SourceQuality "1"]

1. e4 c5 2. Nf3 e6 3. c3 Nc6 4. d4 cxd4 5. cxd4 d6 6. Nc3 Nf6 7. Be2 Be7 8. 0-0 0-0 9. Be3 a6 10. Rc1 Re8 11. Bg5 h6 12. Bh4 Bd7 13. a3 Rc8 14. Qd3 b5 15. b4 Nh5 16. Bg3 Nxg3 17. fxg3 Bf6 18. Bd1 Qb6 19. Ne2 Nxd4 20. Nfxd4 Rxc1 21. Nxc1 Qxd4+ 22. Kh1 Qxd3 23. Nxd3 Rc8 24. Be2 Rc3 25. h4 Rxa3 26. Kh2 Ra1 27. Rf3 Bc6 28. Rf4 Ra2 29. Bh5 e5 30. Rf2 Rxf2 31. Nxf2 d5 32. exd5 Bxd5 33. Bf3 Bxf3 34. gxf3 Kf8 35. Nd3 Ke7 36. Nc5 Kd6 37. Nxa6 Kc6 38. Nc5 Be7 39. Nd3 Kd5 40. Kg2 Kd4 0-1

[Event "Wellington CC-chB"]
[Site "Wellington"]
[Date "2015.11.27"]
[Round "6"]
[White "Stracy, Don M"]
[Black "Barraza Perez, Jesus"]
[Result "0-1"]
[WhiteElo "1807"]
[BlackElo "1710"]
[PlyCount "42"]
[EventDate "2015.09.24"]
[EventType "tourn"]
[EventRounds "9"]
[EventCountry "NZL"]
[SourceTitle "EXT 2018"]
[Source "ChessBase"]
[SourceDate "2017.10.13"]
[SourceVersion "1"]
[SourceVersionDate "2017.10.13"]
[SourceQuality "1"]

1. e4 d6 2. d4 Nf6 3. Nc3 e5 4. dxe5 dxe5 5. Qxd8+ Kxd8 6. Nf3 Bd6 7. Bc4 Be6 8. Bxe6 fxe6 9. Be3 a6 10. 0-0 Nc6 11. Rad1 Ke7 12. Nd2 Nd4 13. Bxd4 exd4 14. Ne2 c5 15. f3 b5 16. Rfe1 c4 17. Nf1 Bc5 18. Kh1 e5 19. Nfg3 g6 20. f4 Ng4 21. fxe5 Nf2+ 0-1

[Event "Wellington Easter op"]
[Site "Wellington"]
[Date "2015.04.05"]
[Round "5"]
[White "Bongalon, Ray Antonio Vibar"]
[Black "Stracy, Don M"]
[Result "1/2-1/2"]
[WhiteElo "1696"]
[BlackElo "1684"]
[PlyCount "76"]
[EventDate "2015.04.03"]
[EventType "swiss"]
[EventRounds "6"]
[EventCountry "NZL"]
[SourceTitle "EXT 2018"]
[Source "ChessBase"]
[SourceDate "2017.10.13"]
[SourceVersion "1"]
[SourceVersionDate "2017.10.13"]
[SourceQuality "1"]

1. g3 e5 2. Bg2 d5 3. d3 Nf6 4. Bg5 Be7 5. e3 0-0 6. Ne2 Nbd7 7. 0-0 h6 8. Bxf6 Nxf6 9. Nd2 Be6 10. d4 e4 11. c4 c6 12. c5 b6 13. b4 bxc5 14. bxc5 Qc7 15. Rb1 Rab8 16. Qc2 Rxb1 17. Rxb1 Rb8 18. Nf4 Bc8 19. Bh3 Bxh3 20. Nxh3 Rb7 21. Nf4 g5 22. Ne2 Qb8 23. h3 Rxb1+ 24. Qxb1 Qxb1+ 25. Nxb1 Kf8 26. g4 Bd8 27. Nd2 Ke7 28. Ng3 Ng8 29. Nf5+ Kd7 30. f3 exf3 31. Nxf3 Bc7 32. Kf2 Ke6 33. Ke2 f6 34. Kd3 h5 35. Ng7+ Ke7 36. Nf5+ Ke6 37. Ng7+ Ke7 38. Nf5+ Ke6 1/2-1/2

[Event "Wellington CC Summer Cup"]
[Site "Wellington"]
[Date "2015.02.12"]
[Round "2"]
[White "Stracy, Don M"]
[Black "Bennett, Sarah"]
[Result "1-0"]
[WhiteElo "1863"]
[BlackElo "1298"]
[PlyCount "77"]
[EventDate "2015.02.05"]
[EventType "swiss"]
[EventRounds "8"]
[EventCountry "NZL"]
[SourceTitle "EXT 2018"]
[Source "ChessBase"]
[SourceDate "2017.10.13"]
[SourceVersion "1"]
[SourceVersionDate "2017.10.13"]
[SourceQuality "1"]

1. e4 e5 2. Nf3 f5 3. Nc3 fxe4 4. Nxe4 d5 5. Nc3 Bg4 6. h3 Bxf3 7. Qxf3 Nf6 8. d3 Be7 9. Bg5 d4 10. Bxf6 Bxf6 11. Qxb7 Nd7 12. Nb5 0-0 13. Qd5+ Kh8 14. Na3 Bg5 15. Be2 Bh4 16. 0-0 Qe7 17. Nc4 Rad8 18. Nd2 Nb6 19. Qb3 Rf7 20. Nf3 Rf5 21. Rae1 Qf6 22. c3 Nd5 23. cxd4 exd4 24. Nxh4 Qxh4 25. Bg4 Rf6 26. Qxd5 Rff8 27. Qh5 Qf6 28. Re6 Qf4 29. Qe5 Qf7 30. Re7 Qg6 31. Qe4 Rf7 32. Qxg6 Rxe7 33. Qg5 Rde8 34. Bf3 h6 35. Qf5 Rg8 36. Be4 g6 37. Qf6+ Reg7 38. Re1 a5 39. Bd5 1-0

[Event "Wellington CC-chB"]
[Site "Wellington"]
[Date "2014.12.11"]
[Round "2"]
[White "Stracy, Don M"]
[Black "Jackson, L Ross"]
[Result "1-0"]
[WhiteElo "1855"]
[BlackElo "1984"]
[PlyCount "31"]
[EventDate "2014.09.25"]
[EventType "tourn"]
[EventRounds "9"]
[EventCountry "NZL"]
[SourceTitle "EXT 2018"]
[Source "ChessBase"]
[SourceDate "2017.10.13"]
[SourceVersion "1"]
[SourceVersionDate "2017.10.13"]
[SourceQuality "1"]

1. e4 c5 2. Nf3 e6 3. d4 cxd4 4. Nxd4 Nf6 5. Nc3 d6 6. Be2 Nc6 7. Be3 d5 8. exd5 Nxd5 9. Nxd5 Qxd5 10. Nxc6 bxc6 11. Bf3 Qa5+ 12. c3 Bd7 13. 0-0 Rb8 14. Qd2 Be7 15. Rfd1 Qc7 16. Bf4 1-0

[Event "Wellington CC-chB"]
[Site "Wellington"]
[Date "2014.12.04"]
[Round "1"]
[White "Stracy, Don M"]
[Black "Brockway, Andrew"]
[Result "0-1"]
[WhiteElo "1863"]
[BlackElo "1791"]
[PlyCount "92"]
[EventDate "2014.09.25"]
[EventType "tourn"]
[EventRounds "9"]
[EventCountry "NZL"]
[SourceTitle "EXT 2018"]
[Source "ChessBase"]
[SourceDate "2017.10.13"]
[SourceVersion "1"]
[SourceVersionDate "2017.10.13"]
[SourceQuality "1"]

1. e4 c5 2. Nf3 g6 3. d4 cxd4 4. Qxd4 Nf6 5. Bb5 Nc6 6. Bxc6 dxc6 7. Qxd8+ Kxd8 8. Nc3 Bg7 9. Bf4 Nh5 10. 0-0-0+ Ke8 11. Be5 Bh6+ 12. Kb1 f6 13. Bd4 Bg4 14. Rhe1 Bxf3 15. gxf3 e5 16. Be3 Bf4 17. Bxf4 Nxf4 18. Rd2 Rd8 19. Rxd8+ Kxd8 20. Kc1 Ke7 21. Rd1 Rd8 22. Rxd8 Kxd8 23. Kd2 Ke7 24. Ne2 Nh3 25. Ke3 h5 26. f4 Nxf4 27. Nxf4 exf4+ 28. Kxf4 Ke6 29. h4 c5 30. c4 a6 31. a3 b5 32. b3 bxc4 33. bxc4 a5 34. a4 Kd6 35. f3 Ke6 36. Ke3 g5 37. hxg5 fxg5 38. Kf2 Ke5 39. Kg3 g4 40. fxg4 hxg4 41. Kxg4 Kxe4 42. Kg3 Kd4 43. Kf4 Kxc4 44. Ke4 Kb3 45. Kd3 c4+ 46. Kd2 Kb2 0-1

[Event "Wellington Mazur Memorial"]
[Site "Wellington"]
[Date "2014.08.14"]
[Round "4"]
[White "Cunningham, Patrick D"]
[Black "Stracy, Don M"]
[Result "0-1"]
[WhiteElo "1734"]
[BlackElo "1855"]
[PlyCount "62"]
[EventDate "2014.07.24"]
[EventType "swiss"]
[EventRounds "8"]
[EventCountry "NZL"]
[SourceTitle "EXT 2018"]
[Source "ChessBase"]
[SourceDate "2017.10.13"]
[SourceVersion "1"]
[SourceVersionDate "2017.10.13"]
[SourceQuality "1"]

1. e4 c5 2. Nf3 e6 3. d4 cxd4 4. Nxd4 Nf6 5. Nc3 Nc6 6. Be3 Bb4 7. Bd3 d5 8. exd5 Nxd5 9. 0-0 Nxe3 10. Nxc6 Nxd1 11. Nxd8 Nxb2 12. Bb5+ Kxd8 13. Na4 Nxa4 14. Bxa4 Ke7 15. Rab1 Ba5 16. Rb5 Bb6 17. Rd1 Rd8 18. Rxd8 Bxd8 19. Rh5 h6 20. Rh3 Bd7 21. Bb3 Bc7 22. c4 Bc6 23. c5 Rd8 24. Re3 Bd5 25. g3 Bxb3 26. Rxb3 b6 27. Ra3 bxc5 28. Rxa7 Rd7 29. a4 c4 30. a5 c3 31. a6 c2 0-1

[Event "Wellington Mazur Memorial"]
[Site "Wellington"]
[Date "2014.07.24"]
[Round "1"]
[White "Stracy, Don M"]
[Black "Meravanage, Satwik"]
[Result "1-0"]
[WhiteElo "1855"]
[BlackElo "1238"]
[PlyCount "85"]
[EventDate "2014.07.24"]
[EventType "swiss"]
[EventRounds "8"]
[EventCountry "NZL"]
[SourceTitle "EXT 2018"]
[Source "ChessBase"]
[SourceDate "2017.10.13"]
[SourceVersion "1"]
[SourceVersionDate "2017.10.13"]
[SourceQuality "1"]

1. e4 e5 2. Nf3 Nc6 3. Bb5 Nf6 4. 0-0 d6 5. Re1 Be7 6. c3 a6 7. Ba4 b5 8. Bc2 0-0 9. h3 Bb7 10. d4 Nd7 11. Nbd2 Na7 12. Nf1 c5 13. d5 b4 14. cxb4 cxb4 15. Ng3 Rc8 16. Be3 Nc5 17. Rc1 Qd7 18. Bb1 Qb5 19. Qe2 Qxe2 20. Rxe2 Nb5 21. Nf5 Bd8 22. Nxd6 Nxd6 23. Rxc5 f6 24. Rxc8 Nxc8 25. Bc5 Be7 26. Bxe7 Nxe7 27. Rc2 Rc8 28. Rxc8+ Nxc8 29. Nd2 Nd6 30. Bd3 Kf7 31. Nb3 Nb5 32. Na5 Ba8 33. Nb3 Bb7 34. Kf1 h5 35. g3 g5 36. h4 g4 37. Ke2 Nd4+ 38. Nxd4 exd4 39. Bc4 a5 40. Kd3 Ke7 41. Kxd4 Kd6 42. Be2 Bc8 43. f3 1-0

[Event "Wellington CC Autumn Cup-C"]
[Site "Wellington"]
[Date "2014.05.22"]
[Round "4"]
[White "Frost, Paul"]
[Black "Stracy, Don M"]
[Result "1/2-1/2"]
[WhiteElo "1814"]
[BlackElo "1854"]
[PlyCount "124"]
[EventDate "2014.05.01"]
[EventType "tourn"]
[EventRounds "5"]
[EventCountry "NZL"]
[SourceTitle "EXT 2018"]
[Source "ChessBase"]
[SourceDate "2017.10.13"]
[SourceVersion "1"]
[SourceVersionDate "2017.10.13"]
[SourceQuality "1"]

1. e4 c5 2. c3 Nf6 3. e5 Nd5 4. Nf3 Nc6 5. Be2 d6 6. exd6 Qxd6 7. 0-0 g6 8. Na3 Bg7 9. Nc4 Qd8 10. d3 0-0 11. Bg5 Re8 12. Qd2 b5 13. Ne3 Be6 14. Rfd1 Qb6 15. Nc2 b4 16. d4 Rad8 17. c4 Nf6 18. Bxf6 Bxf6 19. d5 Bc8 20. Qc1 Na5 21. Rb1 b3 22. axb3 Nxb3 23. Qf4 Qd6 24. Qe3 Na5 25. Qa3 Bf5 26. Bd3 Nxc4 27. Qb3 Bxd3 28. Rxd3 Ne5 29. Nxe5 Bxe5 30. g3 Rb8 31. Qa3 Rb7 32. Ne3 Bf6 33. Nc4 Qb8 34. b3 Bd4 35. Na5 Rb6 36. Nc6 Qb7 37. Nxd4 cxd4 38. Rxd4 Ra6 39. Qc1 Rd6 40. Qe3 Rxd5 41. Rxd5 Qxd5 42. Qxa7 e6 43. b4 Ra8 44. Qc5 Qxc5 45. bxc5 Rc8 46. Rc1 Kf8 47. f4 Ke7 48. Kf2 Kd7 49. Ke3 Kc6 50. Kd4 f6 51. Rb1 Rd8+ 52. Kc4 Kc7 53. Rb6 Re8 54. Kb5 e5 55. Rxf6 e4 56. Rf7+ Kc8 57. Kb6 e3 58. c6 e2 59. Ra7 Kd8 60. Rd7+ Kc8 61. Rc7+ Kd8 62. Rd7+ Kc8 1/2-1/2

[Event "Wellington CC Autumn Cup-C"]
[Site "Wellington"]
[Date "2014.05.01"]
[Round "1"]
[White "Rossiter, Philip E"]
[Black "Stracy, Don M"]
[Result "1/2-1/2"]
[WhiteElo "1831"]
[BlackElo "1854"]
[PlyCount "71"]
[EventDate "2014.05.01"]
[EventType "tourn"]
[EventRounds "5"]
[EventCountry "NZL"]
[SourceTitle "EXT 2018"]
[Source "ChessBase"]
[SourceDate "2017.10.13"]
[SourceVersion "1"]
[SourceVersionDate "2017.10.13"]
[SourceQuality "1"]

1. c4 Nf6 2. Nc3 e5 3. Nf3 Nc6 4. g3 Bb4 5. Qc2 0-0 6. Bg2 d6 7. 0-0 Be6 8. a3 Bxc3 9. Qxc3 h6 10. b4 a6 11. Bb2 Qd7 12. d4 exd4 13. Nxd4 Nxd4 14. Qxd4 Rab8 15. Rfd1 Rfd8 16. Rac1 b5 17. cxb5 axb5 18. Qh4 Ne8 19. Qf4 f6 20. e4 Qe7 21. Qe3 Bc4 22. Rd2 c5 23. bxc5 dxc5 24. Rcd1 Rxd2 25. Qxd2 Rb6 26. Qd8 Qxd8 27. Rxd8 Kf8 28. Rc8 Rd6 29. h4 Rd1+ 30. Kh2 Rd2 31. Bc1 Rxf2 32. Be3 Rc2 33. Bxc5+ Kf7 34. Kg1 Rc1+ 35. Kf2 Rc2+ 36. Kg1 1/2-1/2

[Event "Wellington CC Summer Cup"]
[Site "Wellington"]
[Date "2014.04.03"]
[Round "8"]
[White "Stracy, Don M"]
[Black "Sellen, Ian"]
[Result "0-1"]
[WhiteElo "1870"]
[BlackElo "2112"]
[PlyCount "48"]
[EventDate "2014.01.30"]
[EventType "swiss"]
[EventRounds "8"]
[EventCountry "NZL"]
[SourceTitle "EXT 2018"]
[Source "ChessBase"]
[SourceDate "2017.10.13"]
[SourceVersion "1"]
[SourceVersionDate "2017.10.13"]
[SourceQuality "1"]

1. e4 e6 2. d4 d5 3. Nd2 c5 4. exd5 Qxd5 5. Ngf3 cxd4 6. Bc4 Qd8 7. 0-0 Nf6 8. Nb3 Be7 9. Qe2 0-0 10. Rd1 Nc6 11. Nbxd4 Qb6 12. Nxc6 bxc6 13. c3 c5 14. Be3 Bb7 15. b4 Nd5 16. bxc5 Bxc5 17. Bxc5 Qxc5 18. Rac1 Nf4 19. Qf1 Nxg2 20. Qxg2 Qxc4 21. Rd4 Qe2 22. Rf4 Rad8 23. Nd4 Rxd4 24. Qxb7 Rxf4 0-1

[Event "Wellington CC Summer Cup"]
[Site "Wellington"]
[Date "2014.03.20"]
[Round "6"]
[White "Stracy, Don M"]
[Black "Aldridge, Alan L"]
[Result "1/2-1/2"]
[WhiteElo "1870"]
[BlackElo "1964"]
[PlyCount "49"]
[EventDate "2014.01.30"]
[EventType "swiss"]
[EventRounds "8"]
[EventCountry "NZL"]
[SourceTitle "EXT 2018"]
[Source "ChessBase"]
[SourceDate "2017.10.13"]
[SourceVersion "1"]
[SourceVersionDate "2017.10.13"]
[SourceQuality "1"]

1. e4 e5 2. Nf3 Nc6 3. Bb5 a6 4. Ba4 Nf6 5. 0-0 Be7 6. Re1 b5 7. Bb3 0-0 8. a4 Bb7 9. d3 h6 10. Nc3 bxa4 11. Bxa4 d6 12. Ne2 Nh7 13. Ng3 Ng5 14. c3 Nxf3+ 15. Qxf3 Bg5 16. Qg4 Bxc1 17. Raxc1 Ne7 18. d4 Ng6 19. Nf5 Bc8 20. dxe5 Bxf5 21. exf5 Nxe5 22. Qe4 Rb8 23. f4 Ng4 24. Qf3 Nf6 25. Re2 1/2-1/2

[Event "Wellington CC Summer Cup"]
[Site "Wellington"]
[Date "2014.03.14"]
[Round "5"]
[White "Cunningham, Patrick D"]
[Black "Stracy, Don M"]
[Result "0-1"]
[WhiteElo "1783"]
[BlackElo "1870"]
[PlyCount "132"]
[EventDate "2014.01.30"]
[EventType "swiss"]
[EventRounds "8"]
[EventCountry "NZL"]
[SourceTitle "EXT 2018"]
[Source "ChessBase"]
[SourceDate "2017.10.13"]
[SourceVersion "1"]
[SourceVersionDate "2017.10.13"]
[SourceQuality "1"]

1. e4 c5 2. Nf3 e6 3. d4 cxd4 4. Nxd4 Nf6 5. Nc3 Nc6 6. Nxc6 bxc6 7. Bd3 d5 8. 0-0 Be7 9. exd5 cxd5 10. Bg5 0-0 11. Qe2 Bd7 12. Rfe1 Rb8 13. Rab1 Re8 14. h4 Bc6 15. Nb5 Bxb5 16. Bxb5 Nd7 17. c4 Bxg5 18. hxg5 dxc4 19. Qxc4 Nb6 20. Qc6 Qxg5 21. Bd3 Rec8 22. Qe4 g6 23. Rbd1 Qd5 24. Qf4 Qxa2 25. Ra1 Qxb2 26. Rxa7 Qg7 27. Rxe6 Nd5 28. Qe5 Rc1+ 29. Bf1 Qxe5 30. Rxe5 Rbb1 31. Rxd5 Rxf1+ 32. Kh2 Rxf2 33. Rd8+ Kg7 34. Raa8 Rbb2 35. Rg8+ Kh6 36. Ra3 Rxg2+ 37. Kh3 Rh2+ 38. Kg3 Rbg2+ 39. Kf3 Rh3+ 40. Kxg2 Rxa3 41. Rf8 Kg7 42. Rb8 h5 43. Rb6 Re3 44. Kf2 Re6 45. Rb4 Rf6+ 46. Kg3 g5 47. Rb5 Kg6 48. Rb8 Kg7 49. Rb5 Rg6 50. Rf5 f6 51. Ra5 Kh6 52. Ra8 Rg7 53. Ra6 Kg6 54. Ra8 h4+ 55. Kh3 f5 56. Ra6+ Kh5 57. Rf6 g4+ 58. Kg2 Kg5 59. Rf8 f4 60. Ra8 h3+ 61. Kh2 Rg6 62. Ra5+ Kh4 63. Rf5 g3+ 64. Kg1 Kg4 65. Rf8 Kf3 66. Kh1 g2+ 0-1

[Event "Wellington CC-chB"]
[Site "Wellington"]
[Date "2013.08.29"]
[Round "5"]
[White "Tionko, Efrain"]
[Black "Stracy, Don M"]
[Result "1-0"]
[WhiteElo "1844"]
[BlackElo "1851"]
[PlyCount "123"]
[EventDate "2013.08.01"]
[EventType "tourn"]
[EventRounds "11"]
[EventCountry "NZL"]
[SourceTitle "EXT 2018"]
[Source "ChessBase"]
[SourceDate "2017.10.13"]
[SourceVersion "1"]
[SourceVersionDate "2017.10.13"]
[SourceQuality "1"]

1. e4 c5 2. Nf3 e6 3. d3 Nc6 4. g3 g6 5. Bg2 Bg7 6. 0-0 Nge7 7. c3 0-0 8. Be3 d6 9. Qc1 Bd7 10. Bh6 f5 11. Bxg7 Kxg7 12. h4 Ng8 13. Nbd2 Nf6 14. Re1 Qc7 15. a3 a5 16. a4 Rac8 17. exf5 exf5 18. Nc4 Rfe8 19. Qf4 Rxe1+ 20. Rxe1 d5 21. Qxc7 Rxc7 22. Nb6 d4 23. Ng5 h6 24. Nxd7 Rxd7 25. Ne6+ Kf7 26. Nxc5 Rc7 27. cxd4 Nxd4 28. Nxb7 Nb3 29. Nd6+ Kg7 30. Nc4 Rd7 31. Rd1 Rd4 32. Bc6 Nd5 33. Bxd5 Rxd5 34. Kf1 Nc5 35. Nxa5 Nxa4 36. Nc4 Nc5 37. Ke2 Kf6 38. d4 Ne6 39. Ke3 g5 40. hxg5+ hxg5 41. f4 gxf4+ 42. gxf4 Nc5 43. Rd2 Ne4 44. Rd3 Ke6 45. b3 Rb5 46. Na3 Rb4 47. d5+ Kd7 48. Nc4 Nc5 49. Ne5+ Ke8 50. Rc3 Rxb3 51. Rxb3 Nxb3 52. d6 Nc5 53. Nc4 Kd7 54. Kd4 Ne6+ 55. Ke5 Ng7 56. Kf6 Ne8+ 57. Kxf5 Nxd6+ 58. Nxd6 Kxd6 59. Kf6 Kd7 60. Kf7 Kd6 61. f5 Kd7 62. f6 1-0

[Event "North Island-ch"]
[Site "Wellington"]
[Date "2013.04.01"]
[Round "7"]
[White "Stracy, Don M"]
[Black "Nicholls, Leighton"]
[Result "1/2-1/2"]
[WhiteElo "1647"]
[BlackElo "1774"]
[PlyCount "45"]
[EventDate "2013.03.29"]
[EventType "swiss"]
[EventRounds "8"]
[EventCountry "NZL"]
[SourceTitle "EXT 2018"]
[Source "ChessBase"]
[SourceDate "2017.10.13"]
[SourceVersion "1"]
[SourceVersionDate "2017.10.13"]
[SourceQuality "1"]

1. e4 e5 2. Nf3 Nc6 3. Bb5 a6 4. Ba4 Nf6 5. 0-0 Be7 6. Re1 b5 7. Bb3 d6 8. c3 0-0 9. h3 Na5 10. Bc2 c5 11. d4 exd4 12. cxd4 cxd4 13. Nxd4 Bb7 14. Nd2 Re8 15. Nf1 Nc6 16. Ng3 Bf8 17. Re2 g6 18. Nxc6 Bxc6 19. Bd2 Qc7 20. Rc1 Rac8 21. Bd3 Qb7 22. Bg5 Be7 23. Bd2 1/2-1/2